Catálogo

CASA DE MUÑECAS (Registro nro. 50210)

Detalles MARC
000 -LEADER
fixed length control field 00921nam a2200217 a 4500
001 - CONTROL NUMBER
control field 50210
005 - DATE AND TIME OF LATEST TRANSACTION
control field 20180714035210.0
008 - FIXED-LENGTH DATA ELEMENTS--GENERAL INFORMATION
fixed length control field 140415s1999 mx 000 0 spa d
020 ## - INTERNATIONAL STANDARD BOOK NUMBER
International Standard Book Number 9706512659
041 ## - LANGUAGE CODE
Language code of text/sound track or separate title spa
082 ## - DEWEY DECIMAL CLASSIFICATION NUMBER
Classification number 808
Item number IBS
100 1# - MAIN ENTRY--PERSONAL NAME
Personal name IBSEN, HENRIK
245 10 - TITLE STATEMENT
Title CASA DE MUÑECAS
250 ## - EDITION STATEMENT
Edition statement 1a ed.
260 ## - PUBLICATION, DISTRIBUTION, ETC.
Place of publication, distribution, etc. MEXICO :
Name of publisher, distributor, etc. LOSADA,
Date of publication, distribution, etc. 1999
300 ## - PHYSICAL DESCRIPTION
Extent 149
Dimensions 11.4 x 0.7 x 17.6
520 ## - SUMMARY, ETC.
Summary, etc. UNO DE LOS LIBROS QUE MAS CONTRIBUYERON A QUE HUBIERA CAMBIO EN EL MUNDO, ESTA OBRA, PUBLICADA Y REPRESENTADA EN 1871, EN SU TIEMPO CAUSO POLEMICAS ENCENDIDAS Y PUSO EN EVIDENCIA LA INJUSTICIA E INEQUIDAD DEL MUNDO FEMENINO; AUNQUE SE ESCRIBE EN UN MOMENTO EN QUE SE PELEA POR EL VOTO DE LAS MUJERES, Y CUANDO SE ABREN LAS OPORTUNIDADES LABORALES Y ESCOLARES.
650 14 - SUBJECT ADDED ENTRY--TOPICAL TERM
Topical term or geographic name entry element LITERATURA NORUEGA
General subdivision TEATRO NORUEGO
-- SIGLO XIX
700 1# - ADDED ENTRY--PERSONAL NAME
Personal name KUPCHIK, CHRISTIAN
Relator term tr.
740 ## - ADDED ENTRY--UNCONTROLLED RELATED/ANALYTICAL TITLE
Uncontrolled related/analytical title ETT DUKKEHJEN
Existencias
Withdrawn status Lost status Source of classification or shelving scheme Damaged status Not for loan Collection code Home library Current library Shelving location Date acquired Source of acquisition Inventory number Total Checkouts Full call number Barcode Date last seen Date last checked out Price effective from Koha item type
    Dewey Decimal Classification     General Biblioteca Karol Wojtyla Biblioteca Karol Wojtyla Sala general 03/12/2013 Compra 151000000000000000031610 2 808 IBS 74943 05/01/2026 20/03/2019 03/12/2013 Libro